Luxury Watch Brands - Statistics

General Stats
  • This quiz has been taken 643 times
  • The average score is 3 of 5
Answer Stats
Brand % Correct
Rolex
100%
Patek
74%
Audemars Piguet
60%
Omega
59%
Hublot
30%
No matching quizzes found
Score Distribution
Percent of People with Each Score
Percentile by Number Answered
Your Score History
You have not taken this quiz